000 00271nam a22001337a 4500
008 181023b xxu||||| |||| 00| 0 eng d
020 _a2740336110452
041 _aeng
080 _a371
100 _a46
101 _aEDU
245 _aVista
_cBlanco
942 _2udc
_cBK
999 _c50620
_d50620